000
00281nam a2200121Ia 4500
008
191206s9999 xx 000 0 und d
020
_a
0855323388 :
090
_a
DT465W57H37
245
0
_a
Wiriyamu
260
_a
Search Press
260
_c
c1974
300
_a
158 p. : maps. ; 21 cm.
999
_c
17298
_d
17298